000 00461nam a22001817a 4500
003 MPLRDC
005 20220104142744.0
008 210129b ||||| |||| 00| 0 eng d
020 _a7-5044-4425-1
082 _a494.07 BLF
100 _a阿特.贝罗夫
245 _a如何打造少年百万富翁
_c杜晓青译
250 _a第一版
260 _a
_b中国商业出版社
_c2001
300 _b
650 _a企业管理
942 _cBK
_o494.07 BLF
999 _c33461
_d33451